| 000 | 00782nam a22002177a 4500 | ||
|---|---|---|---|
| 005 | 20251108172832.0 | ||
| 008 | 250721s2003 xx 000 0 ara d | ||
| 082 | 1 | 4 | _a216.4/عزي |
| 100 | 1 | _aالعزيزي، محمد رامز عبد الفتاح | |
| 245 | 1 | 0 | _aالميراث و الوصية - ووصيت القانون و البديل الشرعي لها / |
| 264 | 1 |
_aعمان : _bدار الفرقان للنشر و التوزيع، _c2003. |
|
| 300 | _a145 ص | ||
| 490 | 0 |
_aسلسلة الإقتصاد الإسلامي _v3 |
|
| 650 | 1 | 7 | _aالفقه الاسلامي |
| 650 | 1 | 7 | _aالاحكام الشرعية |
| 650 | 1 | 7 | _aالإرث بوصية |
| 650 | 1 | 7 | _aالقانون |
| 650 | 1 | 7 | _aالشريعة الاسلامية |
| 942 |
_2ddc _cBK |
||
| 999 |
_c89675 _d89675 |
||